000 00744nam a2200205 a 4500
005 20210223122802.0
008 991125s1966 mx 000 0 spa u
035 _aUPN01000041420
049 _aCG
050 4 _aDT30
_bM3.5
100 1 _aMandela, Nelson
245 1 0 _aNo es fácil el camino de la libertad /
_cpor Nelson Mandela ; pról. Ahmed Ben Bella ; introd. Oliver Tambo ; comp. y notas Ruth First ; tr. Francisco Perujo.
260 _aMéxico :
_bSiglo XXI,
_c1966.
300 _a223 p., [4] p. de láms.
440 0 _aHistoria y arqueología.
_pTestimonios para la historia de la injusticia
651 4 _aAFRICA -
_xPOLITICA Y GOBIERNO
_92132
650 4 _aNACIONALISMO -
_zAFRICA
700 1 _aFirst, Ruth,
_ecomp.
905 _aLibro
999 _c41420
_d41420